01841nam a22001577a 4500008004100000020001800041082001500059100001900074245006700093250001500160260004600175300000900221500135800230650004101588700005401629200319b ||||| |||| 00| 0 eng d a9788123922898 a615.14 KHL aKhar, Roop K., aLachman/Lieberman's Theory and Practice of Industrial Pharmacy a4th (2020) aNew DelhibCBS Publishers & Distributors  a1203 aLachman/Lieberman’s The Theory and Practice of Industrial Pharmacy – Fourth Edition, edited by Roop K. Khar, S. P. Vyas, Farhan J. Ahmad and Gaurav K. Jain, and published by CBS Publishers and Distributors, is a comprehensive book for students of pharmacy and also practitioners. It is thoroughly revised and updated, and is completely rewritten to keep pace with the changes in pharmacy curricula, keeping its distinction in the field of industrial pharmacy. By presenting the topics in layers from basics to in-depth discussions, the text enables easy conception of A to Z of product development. About CBS Publishers and Distributors CBS Publishers and Distributors is a leading publishing company in India. It develops and publishes academic books that conform to the syllabus of various educations boards of the country. The books have been aiding those who aspire to excel in competitive examinations as well. The authors who compile these books are esteemed experts and are proficient in their respective fields. Some of the books published under their banner are: Problems in Mathematics: With Hints and Solutions, Exam Secrets DNB 2014 Image Based Questions as per Latest DNB Exam, Pattern Recognition and Machine Learning, Design Data Handbook for Mechanical Engineers in SI and Metric Units, and A Problem Book in Mathematical Analysis. aPharmaceutical Dosage form /Cosmetic a Vyas, S. P., Ahmad, Farhad J. & Jain, Gaurav K.